[Event "Hoogovens-B"]
[Site "Wijk aan Zee"]
[Date "1999.01.20"]
[Round "2"]
[White "De Vreugt, Dennis"]
[Black "Van den Doel, Erik"]
[Result "1/2-1/2"]
[WhiteElo "2378"]
[BlackElo "2547"]
[Annotator "Wedberg,T"]
[PlyCount "158"]
[EventDate "1999.01.19"]
[EventType "tourn"]
[EventRounds "11"]
[EventCountry "NED"]
[EventCategory "11"]
[SourceTitle "CBM 069"]
[Source "ChessBase"]
[SourceDate "1999.04.01"]
[SourceVersion "1"]
[SourceVersionDate "1999.04.01"]
[SourceQuality "1"]

{[%mdl 4] White's setup in the opening is interesting. It can serve as a model
for White's play against the Berlin defence.} 1. e4 e5 2. Nf3 Nc6 3. Bb5 Nf6 4.
O-O Nxe4 5. d4 Nd6 6. Bxc6 dxc6 7. dxe5 Nf5 8. Qxd8+ Kxd8 9. Nc3 Ke8 10. Ne4 {
Quite an unusual move at this point, even though the N often goes to e4 sooner
or later after the more common moves.} (10. h3) (10. b3) (10. Ne2) 10... Be6
11. b3 $5 (11. Re1 h6 12. g4 Ne7 13. h3 Rd8 14. Kg2 (14. Ng3 c5 15. Nh5 Nd5 16.
a3 a5 $13 {1/2-1/2 Stein,L-Spassky,B/Moscow 1967/MCL (23)}) 14... Nd5 15. c3 c5
16. Nh4 g5 17. Nf5 Kd7 18. c4 Nb4 $13 {1/2-1/2 Ljubojevic,L-Panno,O/Las Palmas
1973/MCD (32)}) 11... a5 (11... Bd5 12. Re1 h6 13. c4 Bxe4 14. Rxe4 Rd8 {
1/2-1/2 Boey,J-Kaplan,J/Siegen 1970/MCD (14)}) 12. a4 {always a good reaction
to a5 in this line} h6 (12... c5 $5 13. Bb2 (13. c4 Nd4 $132) 13... c4 14. Neg5
Bd5 15. Rad1 c6 $132) 13. Bb2 Rd8 14. h3 b6 {Black's passive handling of the
opening is dangerous. Especially since White has a very aggressive scheme in
mind.} 15. g4 $1 Ne7 16. Nd4 {White almost has a big advantage here. Given one
or two moves he could run Black over with f4-f5 and e6 or f6. But Black can
prevent an immediate collapse with some active moves.} Bd5 17. Ng3 c5 18. Nb5
Rd7 19. c4 (19. f4 {allows} c4 $132) 19... Bf3 20. Rae1 Ng6 21. Re3 Bb7 22. Nh5
(22. f4 $6 Rd2 $132) 22... Kd8 23. Bc3 Rg8 24. f4 $14 {White has a nice
aggressive position, but when he opens in the centre there is always the risk
of being counter attacked by Black's B:s.} Be7 25. Kf2 (25. e6 fxe6 26. Nxg7
Nf8 27. Nxe6+ Nxe6 28. Rxe6 Rd3 $132) 25... Nf8 26. Kg3 Kc8 27. f5 (27. h4 $5
Ng6 28. g5 $13) 27... Bg5 $132 28. Nf4 g6 $1 {White has suddenly lost control.
The B:s are out of their cages and White is on the defensive.} 29. h4 Bxf4+ 30.
Kxf4 gxf5 31. gxf5 Ne6+ $5 32. fxe6 fxe6 33. Ref3 (33. Ree1 Rd3 $40) 33... Rf8+
34. Ke3 Rxf3+ 35. Rxf3 Bxf3 36. Kxf3 Rd3+ 37. Ke4 {playing for safety} (37. Kg4
{playing for promotion of the h-P is risky} Kd7 38. Be1 Rxb3 39. Kh5 Re3 40.
Bd2 Rxe5+ 41. Kxh6 Re4 42. h5 Rxc4 43. Kg6 Rxa4 44. Bg5 Ra1 45. h6 Rh1 46. h7
Rxh7 47. Kxh7 $17) 37... Rh3 38. Be1 Rxb3 39. Nc3 Rb2 40. Kf4 Rg2 $15 {As
usual the R is stronger than B and N in the ending. White has very little
counterplay, so he has to rely on keeping everything protected.} 41. Kf3 Rg1
42. Bd2 h5 43. Bg5 Ra1 44. Ke2 Kd7 45. Kd3 Ke8 46. Kc2 Re1 47. Bf6 Rf1 48. Ne4
Rf4 49. Kd3 Rf3+ 50. Kd2 $2 (50. Kc2 {prevents the R from reaching b4}) 50...
Rb3 51. Nc3 Rb4 $1 52. Kd3 c6 {White finds himself in a sort of zugzwang. Only
the B can move.} 53. Bg5 Kf7 54. Bd8 Kg6 55. Ne2 Kf5 56. Ng3+ Kg4 57. Ne4 Rxa4
58. Bxb6 Ra3+ 59. Kd2 Kxh4 $19 {Passed P:s on both wings is a clear signal
that White is going down.} 60. Nxc5 Kg4 61. Nxe6 h4 62. Nc7 h3 63. e6 h2 64. e7
h1=Q 65. e8=Q Ra2+ 66. Kd3 Qd1+ 67. Ke4 Qf3+ $4 (67... Qb1+ $1 $19) 68. Kd4 {
A new lease on life} Qf2+ 69. Qe3 Rd2+ 70. Kc3 Rc2+ 71. Kd3 Qf5+ 72. Qe4+ (72.
Kd4 $5) 72... Qxe4+ 73. Kxe4 a4 (73... Rxc4+ 74. Kd3 $11) 74. Kd3 Rh2 75. Bd4
a3 76. Na6 a2 77. Nb4 Rh3+ (77... c5 78. Nxa2 cxd4 79. Nb4 $11) 78. Ke4 Ra3 79.
Nxc6 a1=Q 1/2-1/2

[Event "Hoogovens"]
[Site "Wijk aan Zee"]
[Date "1999.01.30"]
[Round "12"]
[White "Topalov, Veselin"]
[Black "Sokolov, Ivan"]
[Result "1/2-1/2"]
[WhiteElo "2700"]
[BlackElo "2610"]
[Annotator "Wedberg,T"]
[PlyCount "55"]
[EventDate "1999.01.16"]
[EventType "tourn"]
[EventRounds "13"]
[EventCountry "NED"]
[EventCategory "17"]
[SourceTitle "CBM 069"]
[Source "ChessBase"]
[SourceDate "1999.04.01"]
[SourceVersion "1"]
[SourceVersionDate "1999.04.01"]
[SourceQuality "1"]

1. e4 e5 2. Nf3 Nc6 3. Bb5 Nf6 4. O-O Nxe4 5. d4 Nd6 6. Bxc6 dxc6 7. dxe5 Nf5
8. Qxd8+ Kxd8 9. Nc3 Ke8 10. h3 a5 11. Re1 Bb4 $146 {[%mdl 8] An obvious
improvement on 11. - Ne7 and the reason why 11.Re1 does not promise White much.
} (11... Ne7 $6 12. Ne4 Ng6 13. Nd4 a4 14. Bd2 h6 15. Rad1 Bd7 16. c4 $16 {
1-0 Nisipeanu,L-Kosashvili,Y/Elista 1998/CBM 66 ext (66)}) 12. Bd2 Be6 13. Rad1
Rd8 14. a3 Bxc3 {Playing with opposite coloured B:s is one of Black's main
strategical ideas in this line.} 15. Bxc3 Rxd1 16. Rxd1 Bd5 17. Nd4 (17. Bxa5
b6 18. Bc3 Bxf3 19. gxf3 Ke7 $44 {The N is better than the B here.}) 17... Nxd4
18. Rxd4 b6 19. f4 f5 20. exf6 gxf6 21. f5 Rg8 22. g4 h5 23. Kf2 hxg4 24. hxg4
Kf7 25. Bd2 Re8 26. Bf4 Re4 $11 27. Rxe4 Bxe4 28. Bxc7 (28. Bxc7 Bxc2 29. Bxb6
a4 $11) 1/2-1/2

[Event "Capablanca Memorial Elite 35th"]
[Site "Varadero"]
[Date "2000.05.07"]
[Round "1"]
[White "Dominguez Perez, Leinier"]
[Black "Miles, Anthony John"]
[Result "1/2-1/2"]
[WhiteElo "2508"]
[BlackElo "2579"]
[Annotator "Wedberg,T"]
[PlyCount "60"]
[EventDate "2000.05.07"]
[EventType "tourn"]
[EventRounds "13"]
[EventCountry "CUB"]
[EventCategory "13"]
[SourceTitle "CBM 077"]
[Source "ChessBase"]
[SourceDate "2000.07.27"]
[SourceVersion "1"]
[SourceVersionDate "2000.07.27"]
[SourceQuality "1"]

1. e4 Nc6 2. Nf3 e5 3. Bb5 Nf6 4. O-O Nxe4 5. d4 Nd6 6. Bxc6 dxc6 7. dxe5 Nf5
8. Qxd8+ Kxd8 9. Nc3 Ke8 10. h3 Ne7 11. Ne4 Ng6 12. Re1 c5 13. a4 a5 (13... h6
14. a5 Bf5 15. h4 Be7 16. Nd6+ cxd6 17. exd6 Be6 18. dxe7 Nxe7 $16 {1-0 Adams,
M-Almasi,Z/Las Vegas 1999/CBM 72/[Wedberg] (44)}) 14. Nc3 (14. h4 $5) (14. Ra3
$5) 14... h6 15. Nb5 Kd7 16. e6+ $1 $146 {[%mdl 8] A drastic novelty. White
enters a maze of complications.This stroke comes close to refuting Blacks
egocentrical trip with the K from e8 to c6.} (16. Ra3 Be7 (16... Kc6 17. Rc3
Kb6 18. Nd2 Be6 19. Nc4+ Kc6 20. f4 $13 {1/2-1/2 Galkin,A-Marcelin,C/Yerevan
1999/CBM 72 ext (30)}) 17. Rc3 b6 18. Nd2 Kc6 19. Ne4 Kb7 $15 {0-1 Boudre,
J-Markowski,T/Cannes 2000/CBM 75/[Wedberg] (41)}) 16... fxe6 17. Rxe6 Kxe6 {
Black has to follow suite or White is clearly better.} 18. Nxc7+ Kd7 19. Nxa8
Kc6 {[%csl Ra8] Given some time Black would net the N and be better.} 20. Bf4
$3 {[%mdl 64] The brilliant follow up.} (20. Ra3 $6 {[%cal Ya3b3,Yb3b6]} Be7 $1
(20... Bd6 $2 21. Rb3 Bf5 22. Rb6+ Kd5 23. c4+ $18) 21. Rb3 Bd8 22. Be3 b6 $17
{[%csl Ra8]}) 20... Nxf4 21. Ne5+ Kd5 22. Re1 $1 $40 {White has a very nasty
attack.} Bf5 $1 23. Nc7+ Kd6 (23... Kd4 $2 24. c3#) 24. Nb5+ Ke6 (24... Kd5 25.
c4+ Ke6 26. Ng6+ $16) 25. Ng6+ Kf6 26. Nxh8 {[%csl Rh8] White is now riddled
with a trapped N in the other corner. Truly a strange tactical sequence! The
endgame looks promising for White even though the N might be lost.} (26. Nxf4
Bxc2 $13) 26... g5 27. Re8 Kg7 28. c3 Bd7 29. Rb8 Bc6 30. f3 Ne6 {There is
still plenty of play in the position, but I guess both players were happy with
their achievements. Dominguez Perez had presented his splendid novelty and
Miles had managed to survive.} (30... Ne6 31. Na7 $5 $36) 1/2-1/2

[Event "EU-ch 4th"]
[Site "Istanbul"]
[Date "2003.06.05"]
[Round "6"]
[White "Nijboer, Friso"]
[Black "Nielsen, Peter Heine"]
[Result "0-1"]
[WhiteElo "2562"]
[BlackElo "2625"]
[Annotator "Wedberg,T"]
[PlyCount "98"]
[EventDate "2003.05.30"]
[EventType "swiss"]
[EventRounds "13"]
[EventCountry "TUR"]
[SourceTitle "CBM 096"]
[Source "ChessBase"]
[SourceDate "2003.09.25"]
[SourceVersion "1"]
[SourceVersionDate "2003.09.25"]
[SourceQuality "1"]

1. e4 {Hecht} e5 2. Nf3 Nc6 3. Bb5 Nf6 4. O-O Nxe4 5. d4 Nd6 6. Bxc6 dxc6 7.
dxe5 Nf5 8. Qxd8+ Kxd8 9. Nc3 Bd7 10. Rd1 ({For} 10. h3 {see the games McShane
- Ivanchuk and Timman - Nielsen in Malmoe 2003.}) 10... Kc8 11. Ng5 Be8 12. b3
b6 13. Bb2 Be7 14. Nge4 Kb7 15. Ne2 (15. Rd3 Rd8 16. Rad1 Kc8 17. h3 h5 18. Bc1
Rxd3 19. Rxd3 Bd7 20. Ne2 Re8 $132 {0-1 Bakre,T-Aleksandrov,A/Calcutta 2002/
CBM 88 (40)}) 15... c5 (15... a5 16. a4 Rd8 17. Rxd8 Bxd8 18. Rd1 Kc8 19. Nf4
h5 {1/2-1/2 Stefansson,H-Almasi,Z/Ohrid 2001/CBM 84 (19)}) 16. N4c3 Bc6 17. Nd5
Rhe8 18. Kf1 a5 19. a4 Rad8 20. c4 Bf8 {An interesting position. Can White
prove anything here or is Black already slightly better due to his active
pieces and pair of B:s?} 21. Bc3 Nd4 $1 {This move answers the previous
question. Black takes the initiative.} 22. Nxd4 Bxd5 23. cxd5 (23. Ne2 Be4 $15)
23... cxd4 24. Bxd4 Rxd5 $15 25. Bc3 Red8 26. Rxd5 Rxd5 27. Re1 (27. Ke2 Bb4 $1
) 27... Rd3 28. Re3 (28. Rc1 Bb4 29. Bxb4 axb4 30. Rb1 g5 $15) 28... Rxe3 29.
fxe3 {This looks seriously bad for White. Still Black must prove how he is to
win it.} g6 30. Ke2 Kc6 31. Kd3 Kc5 32. Ke4 Kc6 33. g4 Be7 34. Be1 Bb4 35. Bxb4
$2 {P-endings should never be evaluated - they must be calculated all through.}
(35. Bh4 $142) 35... axb4 {Hecht: 'Thema: schlechte weiße Bauernstruktur;
Zugzwang; der entfernte Freibauer. '} 36. g5 (36. Kd4 {Hecht} Kd7 37. Kc4 c5
38. a5 bxa5 (38... Kc6 39. axb6 Kxb6 40. g5 Kc6 41. e4 Kb6 42. Kd5 Kb5 43. h3
c4 44. bxc4+ Ka4 (44... Kb6 $2 45. c5+) 45. c5 b3 46. c6 b2 47. c7 b1=Q 48.
c8=Q Qd3+ 49. Kc6 Qxe4+ 50. Kd6 Qd4+ 51. Ke7 Qxe5+ 52. Kxf7 Qxg5 53. Qe8+ Kb3
54. Kg7 $11) 39. Kxc5 a4 40. Kxb4 axb3 41. Kxb3 Ke6 42. Kc4 Kxe5 {[#]
Variantendiagramm} 43. Kd3 Kf6 44. Ke4 Kg5 45. Ke5 $11) 36... Kd7 37. Kd5 c5 $1
{White is soon in zugswang since the K must watch the breaktrough with c4.} 38.
h3 Ke7 39. h4 (39. Kc6 c4 $19) 39... Kd7 40. a5 bxa5 41. Kxc5 a4 $1 42. Kxb4
axb3 43. Kxb3 Ke6 44. Kc4 Kxe5 {Hecht: '[#] Im Gegensatz zum Variantendiagramm
stehen die weißen Bauern g+h zu weit vorne, so dass Schwarz gewinnt. '} 45. Kd3
(45. Kc5 {Hecht} Ke4 46. Kd6 Kxe3 47. Ke7 Kf4 48. Kxf7 Kg4 49. Kg7 Kxh4 50. Kh6
Kg4 $19) 45... Kf5 46. Kd4 Kg4 47. Ke5 Kxh4 48. Kf6 Kg4 49. e4 (49. Kxf7 {Hecht
} Kxg5 50. Ke6 h5 51. e4 h4 52. e5 h3 $19 {um ein Tempo}) 49... Kf4 0-1

[Event "RUS-chT 07th"]
[Site "Smolensk"]
[Date "2000.04.15"]
[Round "1"]
[White "Nevostrujev, Vladimir"]
[Black "Aleksandrov, Aleksej"]
[Result "0-1"]
[WhiteElo "2472"]
[BlackElo "2606"]
[Annotator "Wedberg,T"]
[PlyCount "86"]
[EventDate "2000.04.15"]
[EventType "team-tourn"]
[EventRounds "11"]
[EventCountry "RUS"]
[SourceTitle "CBM 077"]
[Source "ChessBase"]
[SourceDate "2000.07.27"]
[SourceVersion "1"]
[SourceVersionDate "2000.07.27"]
[SourceQuality "1"]
[WhiteTeam "Novokuznetsk"]
[BlackTeam "Smolensk TsEM"]
[WhiteTeamCountry "RUS"]
[BlackTeamCountry "RUS"]

1. e4 e5 2. Nf3 Nc6 3. Bb5 Nf6 4. O-O Nxe4 5. d4 Nd6 6. Bxc6 dxc6 7. dxe5 Nf5
8. Qxd8+ Kxd8 9. Nc3 Ke8 10. h3 a5 11. Ne2 (11. Rd1 a4 12. g4 Ne7 13. Kg2 Ng6
14. Rd4 Be7 15. Kg3 h5 $132 {1-0 Almasi,Z-Aleksandrov,A/EU-chTM 1997/EXP 57/
[Hecht] (45)}) 11... Ne7 (11... a4 $5) 12. Ng3 (12. Rd1 a4 13. Nf4 h5 14. Bd2
Nd5 15. e6 $13 {Kunte,A-Aleksandrov,A/Elista 1998 (20)}) (12. Nfd4 a4 13. Nf4
Nd5 14. Nxd5 cxd5 15. Nb5 {1/2-1/2 Solovjov,S-Aleksandrov,A/St Petersburg 2000/
CBM 75/[Wedberg] (62)} Kd7 $15) 12... a4 (12... h5 13. Bg5 c5 14. Rfe1 Be6 15.
c3 b6 16. Nh4 Ng6 17. Nxg6 fxg6 18. h4 Be7 19. Ne4 $14 {Aseev,K-Tunik,G/St
Petersburg RUS 1998}) (12... c5 $1 13. Be3 Nc6 14. Ne4 b6 $132 {/\Bf5 Dautov})
13. a3 h6 $146 {[%csl Yg5][%cal Rh6g5][%mdl 8] Alexandrov refrains from
immediate development with Nd5 and plays another useful waiting move.} (13...
Nd5 {Played twice in recent games by Alexandrov. Dautov has pointed to the
fact that the N is better placed on c6 than on d5, where it can be driven away
by c4.} 14. Bd2 (14. Re1 Be7 15. Bd2 h6 16. Rad1 Kf8 $6 $14 {1-0 Svidler,
P-Aleksandrov,A/Las Vegas 1999/CBM 72/[Dautov] (41)} (16... c5 $5)) 14... h6
15. Rad1 Bc5 16. Rfe1 Be6 17. Bc1 Bb6 18. Nd4 Bxd4 19. Rxd4 c5 20. Rdd1 c4 $11
{1/2-1/2 Georgiev,K-Aleksandrov,A/Batumi 1999/CBM 74/[Wedberg] (41)}) 14. Bd2
c5 {[%csl Yd4][%cal Rc5d4]} 15. Rad1 (15. Ne4 $5 {[%cal Ye4c3,Yc3b5]}) 15...
Be6 {By preventing both Ng5 and Nd4 Black has gained e6 for the B.} 16. Bc1 Rd8
17. Nh5 Bc4 18. Rxd8+ Kxd8 19. Re1 Kc8 20. g4 Nc6 21. c3 g6 22. Nf4 Be7 $15 {
Blacks grip on the Q-side is more real than Whites possibilities on the other
side of the board.} 23. Nd2 (23. e6 $2 g5 $17) 23... Ba2 $1 {An excellent post
for the B.} 24. Kg2 (24. c4 Bg5 25. Ne4 b6 26. e6 Bxc4 $17) 24... Re8 25. Nf3
Bf8 26. h4 Bg7 {[%mdl 4] Alexandrovs handling of the black side certainly
deserves attention from anyone who wants to learn this system.} 27. Nd3 Bd5 $1
{[%csl Rg2][%cal Yd5g2]} 28. c4 Bxc4 29. Nxc5 Bd5 30. Rd1 Rd8 31. Kg3 Bxf3 32.
Rxd8+ Kxd8 33. Kxf3 Nxe5+ 34. Ke2 b5 35. h5 $2 (35. f3 $142 $17) 35... Nxg4 36.
hxg6 Bf8 $1 $19 37. Kf3 Ne5+ 38. Ke4 Nxg6 39. Nd3 Ne7 40. Ne5 Ke8 41. Nd3 Bg7
42. Nc5 f5+ 43. Kd3 Kf7 0-1

[Event "EU-ch 4th"]
[Site "Istanbul"]
[Date "2003.06.10"]
[Round "10"]
[White "Nijboer, Friso"]
[Black "Kritz, Leonid"]
[Result "0-1"]
[WhiteElo "2562"]
[BlackElo "2468"]
[Annotator "Wedberg,T"]
[PlyCount "86"]
[EventDate "2003.05.30"]
[EventType "swiss"]
[EventRounds "13"]
[EventCountry "TUR"]
[SourceTitle "CBM 096"]
[Source "ChessBase"]
[SourceDate "2003.09.25"]
[SourceVersion "1"]
[SourceVersionDate "2003.09.25"]
[SourceQuality "1"]

1. e4 e5 2. Nf3 Nc6 3. Bb5 Nf6 4. O-O Nxe4 5. d4 Nd6 6. Bxc6 dxc6 7. dxe5 Nf5
8. Qxd8+ Kxd8 9. Nc3 Ke8 10. h3 Be7 {This has been played by Kramnik among
others. Basic idea is to exchange N:s on h4.} 11. Bg5 Bxg5 12. Nxg5 h6 13. Nf3
(13. Nge4 b6 14. Rfd1 Ne7 15. f4 Ng6 16. Rf1 h5 17. Rae1 Bf5 18. Ng3 Ne7 $1 19.
Nxf5 Nxf5 $11 {1/2-1/2 Kasparov,G-Kramnik,V/Wijk aan Zee 2001/CBM 81/[Wedberg]
(46)}) 13... h5 (13... Bd7 14. Rad1 Rd8 15. b3 Bc8 16. Rxd8+ Kxd8 17. Rd1+ Ke8
18. Kh2 h5 19. Ne2 h4 20. Nf4 Ke7 21. Ng5 $14 {1/2-1/2 Nijboer,F-Georgiev,K/
Bischwiller 2003 (103)}) (13... Be6 14. Rad1 Rd8 15. b3 g5 16. Ne4 Bd5 17. Nf6+
Ke7 18. Nd4 Nxd4 19. Rxd4 Be6 20. Ra4 a6 21. f4 $14 {1-0 Topalov,V-Krasenkow,M/
Wijk aan Zee 2003 (58)}) 14. Ne2 Ke7 {The K has a good square to rest on now
that the black squared B:s are off the board.} 15. Nf4 g6 16. Rfd1 (16. Rad1
Ng7 17. Rfe1 Rd8 18. Rxd8 Kxd8 19. Ng5 Ke7 20. Rd1 a5 21. a4 Bf5 22. c3 Bc2 23.
Rd4 Bb3 $13 {1/2-1/2 Timman,J-Kritz,L/Amsterdam 2002/CBM 89 ext (47)}) 16...
Ng7 17. Rd2 Rd8 18. Rxd8 Kxd8 19. Kf1 Ke7 20. Ke2 a5 21. Kd2 Ne6 22. Nxe6 Bxe6
23. Ke2 a4 $15 {Black has the better chances with his B against N and R:s on.}
24. Ng5 Bf5 25. Rc1 c5 26. f4 c4 27. a3 c5 28. Rd1 b5 29. Rd5 $2 {An
interesting mistake that gives Kritz a shot at a brilliancy.} (29. c3 Bd3+ 30.
Ke3 b4 $36) 29... c3 $3 {[%mdl 4160] Ouch! Black plays a classical break
normally seen i P-endings.} 30. bxc3 (30. Rxc5 b4 $1 31. Rc4 (31. Rb5 b3 $1)
31... Rb8 32. bxc3 b3 33. cxb3 axb3 34. Nf3 b2 35. Nd2 b1=Q 36. Nxb1 Rxb1 $17)
30... b4 31. cxb4 cxb4 32. Rc5 (32. axb4 a3 33. Rd1 a2 34. Ra1 Bxc2 35. Ke3 Bb1
$19) 32... bxa3 33. Rc7+ Bd7 34. Rc3 Rc8 $1 35. Kd2 (35. Rxa3 Rxc2+ 36. Kf1
Bb5+ 37. Kg1 Bc6 $17) 35... Rxc3 36. Kxc3 h4 $1 37. Nf3 Bc6 38. Nxh4 Be4 $1 {
White´s pieces are being immobilized one after the other.} 39. g4 g5 $1 {
After this it´s all over. White will eventually run out of moves.} 40. fxg5 Ke6
41. Nf5 Bxf5 42. gxf5+ Kxf5 43. h4 Kg6 0-1

[Event "FIDE-Wch k.o."]
[Site "Groningen"]
[Date "1997.12.09"]
[Round "1.1"]
[White "Peng, Xiaomin"]
[Black "Almasi, Zoltan"]
[Result "1/2-1/2"]
[WhiteElo "2530"]
[BlackElo "2615"]
[Annotator "Wedberg,T"]
[PlyCount "66"]
[EventDate "1997.12.09"]
[EventType "k.o."]
[EventRounds "7"]
[EventCountry "NED"]
[SourceTitle "CBM 063"]
[Source "ChessBase"]
[SourceDate "1998.03.26"]
[SourceVersion "1"]
[SourceVersionDate "1998.03.26"]
[SourceQuality "1"]

{Zoltan Almasi once again demonstrates that the defence in the Berlin based on
the manouver Nf5-e7-g6 is sound.} 1. e4 e5 2. Nf3 Nc6 3. Bb5 Nf6 4. O-O Nxe4 5.
d4 Nd6 6. Bxc6 dxc6 7. dxe5 Nf5 8. Qxd8+ Kxd8 9. Rd1+ Ke8 10. Nc3 Ne7 11. Nd4
Ng6 (11... a6 12. h3 Ng6 13. f4 Bc5 14. Be3 h5 15. Nce2 Ne7 {=/Leko,P-Almasi,Z/
Wijk op/1995}) 12. Ne4 (12. Bg5 Be7 (12... Bd7 13. Re1 h6 14. Bd2 Bc5 15. Nb3
Be7 16. Ne4 Nxe5 17. Bc3 $44 {Almasi,Z-Dumitrache,D/Odorheiu Secuiesc zt 1995/
CBM 47/[Wedberg]/1-0 (68)}) 13. Bxe7 Kxe7 14. Re1 Rd8 15. Rad1 Be6 $11 {
1/2-1/2 Morovic Fernandez,I-Rausis,I/Las Palmas op 1995/EXT 97 (36)}) (12. f4
Bc5 13. Be3 Bxd4 14. Rxd4 Bf5 $11 {Ye Jiangchuan-Rausis,I/Lee Cup 1996/EXP 54/
1/2-1/2 (48)}) 12... Be7 (12... Nxe5 13. Re1 Be7 14. Bf4 f6 15. Ng3 Kf7 (15...
Bd6 16. Nf3 Kf7 17. Bxe5 fxe5 18. Nxe5+ Bxe5 19. Rxe5 $14) 16. Bxe5 fxe5 17.
Nf3 Re8 18. Nxe5+ Kg8 19. Re4 Bf6 20. Rae1 $14) 13. f4 $146 {This in a way
looks impressive, but the problem is how to ever achieve the thrust f5.} (13.
Re1 c5 14. Nb3 b6 15. Nf6+ $6 (15. Nd6+ $11) 15... Kf8 16. Nd5 Bd8 17. Nd2 c6
18. Ne3 Nxe5 $17 {Leko,P-Almasi,Z/HUN-ch 1997/CBM 62/0-1 (53)}) 13... Bg4 14.
Rd3 Rd8 15. h3 Bd7 16. Be3 c5 17. Ne2 b6 18. c4 (18. Rad1 h5 19. N2c3 Bf5 20.
Kf2 Rxd3 21. cxd3 $13 {/\d4}) 18... h5 $1 19. Rad1 h4 {With the white
P-majority blocked Black has no big problems.} 20. N2c3 Bf5 21. Kf2 Rxd3 22.
Rxd3 Rh5 23. b3 (23. Kf3 $5) 23... Bxe4 $5 {Else White might secure a space
advantage with K to f3.} 24. Nxe4 Rf5 25. g4 $2 (25. g3 hxg3+ (25... Nxe5 $2
26. Rd5 f6 27. g4 $18) 26. Kxg3 $11) 25... hxg3+ $2 (25... Nxf4 $1 26. Bxf4
Rxf4+ 27. Ke3 Rf1 $17) 26. Kxg3 $11 Rh5 27. Nc3 Bd8 28. Kg4 Rh4+ 29. Kg3 Rh8
30. Kg4 Rh4+ 31. Kg3 Rh8 32. Kg4 Rh4+ 33. Kg3 Rh8 1/2-1/2

[Event "ISR-chT"]
[Site "Ramat Aviv"]
[Date "2000.03.31"]
[Round "8.3"]
[White "Zoler, Dan"]
[Black "Kosashvili, Yona"]
[Result "0-1"]
[WhiteElo "2525"]
[BlackElo "2548"]
[Annotator "Wedberg,T"]
[PlyCount "149"]
[EventDate "2000.01.14"]
[EventType "team"]
[EventRounds "11"]
[EventCountry "ISR"]
[SourceTitle "CBM 077"]
[Source "ChessBase"]
[SourceDate "2000.07.27"]
[SourceVersion "1"]
[SourceVersionDate "2000.07.27"]
[SourceQuality "1"]
[WhiteTeam "Tel Aviv Univ"]
[BlackTeam "Rishon Le Zion Kasparov"]
[WhiteTeamCountry "ISR"]
[BlackTeamCountry "ISR"]

1. e4 e5 2. Nf3 Nc6 3. Bb5 Nf6 4. O-O Nxe4 5. d4 Nd6 6. Bxc6 dxc6 7. dxe5 Nf5
8. Qxd8+ Kxd8 9. Nc3 (9. Rd1+ {keeps the K in the centre}) 9... h6 10. h3 (10.
Rd1+ {prevents} Bd7 $2 {due to} 11. g4 $1 Ne7 12. e6 fxe6 13. Ne5 $18) 10...
Bd7 $5 {[%cal Gb7b6,Yd8c8,Yc8b7][%mdl 4] An interesting idea. Black opens a
route for the K to the Q side.} 11. Ne4 (11. g4 Ne7 12. Bf4 Kc8 13. Bg3 {
0-1 Dudek,R-Schlindwein,R/Germany 1996/GER-chT2 (41)} h5 $1 14. Ng5 hxg4 15.
hxg4 Bxg4 16. Nxf7 Rh5 $17) (11. Bf4 Be7 (11... Kc8 $5) 12. Ne4 b6 13. Rad1 Nh4
14. Nxh4 Bxh4 15. Bg3 Bxg3 16. Nxg3 Ke7 17. f4 g6 18. Kf2 $14 {1/2-1/2
Greenfeld,A-Aseev,K/St Petersburg 1999/CBM 72 (34)}) 11... Kc8 12. a4 a5 13. g4
Ne7 14. Ra3 Ng6 (14... h5 $5 {is quite irritating for White} 15. Neg5 hxg4 16.
hxg4 Bxg4 17. Nxf7 Rh3 $132) 15. Rd3 Be6 16. Rfd1 Bb4 17. b3 Re8 18. Ng3 b6 19.
Nh5 Bf8 20. Nf4 (20. c4 $142) 20... Nxf4 21. Bxf4 Bd5 $132 22. c4 Be4 23. Re3
Bh7 24. e6 fxe6 $1 (24... Rxe6 25. Rxe6 fxe6 26. Nd4 $13) 25. Nd4 Rd8 26. Ree1
g5 27. Bg3 Bb4 28. Nxe6 (28. Nxc6 Rxd1 29. Rxd1 Bc2 30. Rd8+ Kb7 31. Rxa8 Kxa8
32. Nd4 Bd1 $17) 28... Re8 29. Re2 Bg8 30. Nf4 Rxe2 31. Nxe2 b5 $36 32. axb5 a4
33. bxa4 c5 $13 {Black has active pieces and chances to get a strong passed P.
But the weak P:s on h6 and g5 should compensate White.} 34. Be5 Rxa4 35. Rc1
Ba5 36. Bg7 Bxc4 37. Ng3 Bd2 38. Rc2 Bf4 39. Nf5 Rb4 40. Nxh6 Rb1+ 41. Kg2 Bd5+
42. f3 Rd1 43. Nf5 Kb7 44. Rxc5 Rd2+ 45. Kf1 Kb6 46. Rc3 Kxb5 47. Nd4+ Kb4 48.
Nc2+ Ka4 49. Ne1 (49. Nd4 $5) 49... Kb5 50. Nd3 Bd6 $15 51. Ke1 Rh2 52. Be5
Rh1+ 53. Ke2 Rxh3 54. Bxd6 cxd6 55. Nf2 Rg3 56. Re3 Bc4+ 57. Ke1 d5 58. Re5
Rxf3 59. Rxg5 Re3+ 60. Kd1 Kb4 $40 {[%csl Rd1]} 61. Rh5 Re2 62. Rh2 Kc3 63.
Rh3+ Kd4 64. Rf3 Ra2 65. Kc1 Be2 66. Rf8 Kc3 67. Rc8+ Bc4 68. Nd1+ Kd4 69. g5
Rg2 70. Rg8 Bb3 71. Rb8 Bc4 72. Rg8 Bd3 73. Rc8 Rxg5 74. Kb2 Rg2+ 75. Kc1 $17
0-1